Die Krise des Imperialismus; Grenzen der kapitalistischen Expansion und der Wiederaufbau der Arbeiterbewegung.

Guardat en:
Dades bibliogràfiques
Autor principal: Brandes, Volkhard, 1939-
Format: Llibre
Idioma:German
Publicat: [Frankfurt am Main] S. Fischer [1973]
Col·lecció:Reihe Fischer, 40
Matèries:
LEADER 00980nam a22002531 4500
001 c000145424
003 CARM
005 00000000000000.0
008 761009s1973 gw b 00000 ger
019 1 |a 1101031  |5 LACONCORD2021 
035 |a (OCoLC)1929055  |5 LACONCORD2021 
050 0 0 |a HD4854  |b .B7 
100 1 |a Brandes, Volkhard,  |d 1939- 
245 1 4 |a Die Krise des Imperialismus;  |b Grenzen der kapitalistischen Expansion und der Wiederaufbau der Arbeiterbewegung. 
260 |a [Frankfurt am Main]  |b S. Fischer  |c [1973] 
300 |a 105 p.  |c 19 cm. 
490 0 |a Reihe Fischer, 40 
504 |a Includes bibliographical references. 
650 0 |a Labor movement. 
650 0 |a Economic history  |y 1945- 
650 0 |a Social history  |y 20th century. 
852 8 |b CARM  |h A2:AF38G0  |i A00511  |p 0069927  |f BK 
999 f f |i cccdd6bc-b7f3-534e-b431-63ce4442aab7  |s c5daf50b-2f98-5f58-9bc0-c8ef8c02c188 
952 f f |p Can circulate  |a CAVAL  |b CAVAL  |c CAVAL  |d CARM 1 Store  |e A00511  |f A2:AF38G0  |h Other scheme  |i book  |m 0069927